Traduction de Vocabulaire Chti - Aléatoire - Statistiques

Statistiques générales
  • Ce quiz a été pris 140 fois
  • Le résultat moyen est 2 sur 30
Statistiques - réponses
Français Chti % Correct
Pleurer B{raire}
100%
Poireau P{orion}
100%
Tétine T{utute}
100%
Chien Q{uien}
88%
Chat C{at}
83%
Vélo B{iclo}
75%
Sacs de course C{abas}
75%
Averse D{rache}
67%
Non N{in}
67%
Aigre S{ur}
67%
Gifle T{orgnole}
67%
Mélanger T{ouiller}
67%
Endive C{hicon}
63%
Petit enfant Q{uinquin}
63%
Cheval Q{va}
60%
Payer R{aquer}
60%
Serpillère W{assingue}
60%
Fête foraine D{ucasse}
57%
Mon gars B{iloute}
56%
Asseoir A{ssir}
50%
Chaise C{aïelle}
50%
Feu F{u}
50%
Poisson P{ichon}
50%
Tombé Q{ueut}
50%
Quoi Q{uo}
50%
Automobile C{arette}
43%
Morve N{asse}
43%
Toujours T{oudis}
43%
Diarrhée D{risse}
40%
mon, ma E{m}
40%
Foire K{ermesse}
40%
Menteur M{inteux}
40%
Balai R{amon}
40%
Petit T{iot}
40%
Aimer avoir Q{uer}
38%
Rouler B{ouler}
33%
Chapeau C{apieau}
33%
Anglais I{nglais}
33%
Vêtement L{oque}
33%
Acheter A{cater}
29%
Crier B{railler}
29%
Poêle à charbon F{u}
29%
Loup L{eu}
29%
Fatigué M{ate}
29%
Os O{che}
29%
Petit T{chiot}
29%
Distribuer les cartes C{arter}
25%
Les C{hes}
25%
Mouche M{ouque}
25%
Ventre P{anche}
25%
Tous T{ertous}
25%
Regarder A{rluquer}
20%
Au revoir A{rvoir}
20%
Flaque d'eau B{ache}
20%
Café avec alcool B{istouille}
20%
Pleurnichard B{rayou}
20%
Encore C{or}
20%
Culotte M{arrone}
20%
Plus P{us}
20%
Verge B{iloute}
17%
Epi (cheveux) B{iquette}
17%
Gâté (enfant) B{radé}
17%
Baliverne C{arabistouille}
17%
Char C{arrette}
17%
Bonbon C{huque}
17%
Poêle (cuisine) P{ayelle}
17%
Poivre P{oif}
17%
Sable S{ape}
17%
Poule G{laine}
14%
Bruit R{affut}
14%
Tirer (quelque chose) S{aquer}
14%
Boue B{erdoulle}
13%
Mauvaise tête C{aboche}
13%
Chaussette K{euche}
13%
Ane B{audet}
11%
Désordre B{rin}
11%
Espiègle S{olant}
11%
Trouver D{égoter}
10%
Oncle O{nque}
10%
Orteil O{rtiau}
10%
Frisette C{role}
9%
J'en foutre A{bloqueux}
0%
Abominable A{bominape}
0%
Mal dégourdi A{brandouille}
0%
Tablier de cuisine A{ccorchu}
0%
Maintenant A{chteur}
0%
Joueur d'accodéaon A{cordéonneux}
0%
Habiller A{coufter}
0%
A{dus}
0%
Infirme A{ffligé}
0%
Objet A{ffutiau}
0%
Caresser A{flatter}
0%
Pie A{gache}
0%
Polir A{galir}
0%
Mal dégourdi A{gosil}
0%
Secouer A{illoner}
0%
Acrroupi à J{oujouque}
0%
Cafetière A{lambic}
0%
Manger A{micloter}
0%
Frivole A{musette}
0%
Cane A{nette}
0%
Nourrir A{ppateler}
0%
Point d'appui A{ppoïette}
0%
Soutenir A{queuter}
0%
Recoller A{rcoller}
0%
Recommencer A{rcomincher}
0%
Se redresser A{rcrinquer}
0%
Recuire A{rcuire}
0%
Réparer A{rfaire}
0%
Manger bruyamment A{rloufer}
0%
Bouger A{rmuer}
0%
Toile d'araignée A{rnitoile}
0%
Orage A{rnu}
0%
Araignée A{ronne}
0%
A sa manière A s'{mot}
0%
Piège A{ttrepe}
0%
Difficulté passagère A{ubade}
0%
Bavarde B{abelutte}
0%
Parole sans importance B{ablute}
0%
Négliger B{acler}
0%
Wagonnet B{alle}
0%
Verser B{aller}
0%
Cheminée B{allot}
0%
Murmurer B{arboter}
0%
Déambuler B{arloquer}
0%
Maison B{arraque}
0%
Constipé B{arré}
0%
Chaoeau de mineur B{arrette}
0%
Garde-barrière B{arriéreux}
0%
Machine B{astringue}
0%
Poutre B{atinse}
0%
Baver B{aviouter}
0%
Joyeux B{énache}
0%
Maladroit B{erdouilleux}
0%
Grosse gifle B{erlaffe}
0%
Tricher B{erlificoter}
0%
Balancer B{erloquer}
0%
Qui louche B{erlous}
0%
Panade B{erzille}
0%
Animal B{étal}
0%
Mauvaise terre B{ief}
0%
Petite balançoire B{ilanchette}
0%
Enfant B{imbin}
0%
Avoir très envie B{isquer}
0%
Ivresse B{iture}
0%
Qui travaille sans ordre B{latier}
0%
Petit morceau B{lèque}
0%
Groseille à maquereau B{lète}
0%
Poussière B{luc}
0%
Forêt B{os}
0%
Barreau de chaise B{ougeon}
0%
Fond de la mine B{ougnou}
0%
Lessiveuse B{ouilleuse}
0%
Pousser B{outer}
0%
Nombril B{outinnette}
0%
Arrageois B{oyau rouche}
0%
Qui n'a pas de goût B{rac}
0%
Gâcher B{rader}
0%
Bon à rien B{relle}
0%
Ouvrier médiocre B{ricoleux}
0%
Gros morceau de pain B{riffe}
0%
Ivre B{rindezingue}
0%
Casse-croûte B{riquet}
0%
Gaspilleur B{rissaudeux}
0%
Négligé B{roustia}
0%
Action de brouetter B{routache}
0%
Frapper B{uquer}
0%
Coûter cher B{uquer}
0%
Beurre B{urre}
0%
Penser B{usier}
0%
Tuyau de poële B{usse}
0%
Chiffonnier C{achaloque}
0%
Fouet C{achoire}
0%
Berlingot C{acoule}
0%
Ouvrière des mines C{adu}
0%
Gratter C{afoter}
0%
S'emmêler C{afouiller}
0%
Chat C{ahou}
0%
Nichée C{alée}
0%
Dégager (partir) C{alter}
0%
Chanson C{anchon}
0%
Petite chope C{anon}
0%
Escargot C{aracol}
0%
Cartable C{arnasse}
0%
Charpente C{arpinte}
0%
Casserole C{astrole}
0%
Fragile C{asuel}
0%
Chaude C{aute}
0%
Sentier C{avet}
0%
Cheveux C{aveux}
0%
Taquiner C{hiner}
0%
Cent C{hint}
0%
Cendre C{hinte}
0%
Mauvais café C{hirloute}
0%
Pied de plante C{hocque}
0%
Bousculer C{holer}
0%
Sorcière C{horchelle}
0%
Boisson C{huche}
0%
Sucrier C{hucrier}
0%
Ciseaux C{igeaux}
0%
Ferme C{inse}
0%
Mourir C{laquer}
0%
Poignée de porte C{linche}
0%
Dindon C{odin}
0%
Coude C{oeute}
0%
Faire mal C{oicher}
0%
Corde C{ompe}
0%
Poumon C{orée}
0%
Sirène d'usine C{ornet}
0%
Placard C{otch}
0%
Fait-tout C{ouet}
0%
Plaisanterie C{oule}
0%
Pigeon C{oulon}
0%
Sommet C{ouplette}
0%
Homme infidèle C{oureux}
0%
Potager C{ourti}
0%
Jardinet C{ourtiache}
0%
Sale C{rapet}
0%
Blague C{raque}
0%
Mal coiffé C{rignu}
0%
Boîte à musique C{rin-crin}
0%
Petit marteau C{rochette}
0%
Dépenser C{roquer}
0%
Pirouette C{uberlire}
0%
Gros clou D{ache}
0%
Affamé D{al}
0%
Verrat D{al}
0%
Désordre D{allache}
0%
Se sauver D{ébuquer}
0%
Etage D{écampe}
0%
Démolier D{écarcasser}
0%
Radoter D{écarocher}
0%
Parler à tort et à travers D{éconner}
0%
Maigre D{éflinqué}
0%
Contrarié D{éfoutu}
0%
Allure D{égaine}
0%
Sortir D{éhutter}
0%
Débraillé D{éloqté}
0%
Mélanger D{émerler}
0%
Découvrir D{émucher}
0%
Faire changer d'avis D{énorter}
0%
Enlever la peau D{épiauter}
0%
Peigne D{étouloir}
0%
Bavard D{ijeux}
0%
Tomber D{inguer}
0%
Malpropre N{aque}
0%
Sommeil D{ormache}
0%
Personne fragile D{oudouche}
0%
Garde-robe D{rèche}
0%
Pourboire D{ringuelle}
0%
Peureux D{rissard}
0%
Fillette insupportable D{roule}
0%
Laver du linge E{brouer}
0%
Gousse d'ail E{clette}
0%
Genou E{cour}
0%
Tablier E{courcheux}
0%
Depuis E{dpis}
0%
Tour de rein E{lanchure}
0%
Pince E{pinche}
0%
Peuplier E{priau}
0%
Branches E{ramures}
0%
Arête E{réque}
0%
Eclabousser E{sclabotter}
0%
Pelle de mineur E{scoupe}
0%
Mettre debout E{tamper}
0%
Clapier E{taulette}
0%
Etre ankylosé Etre é{crampi}
0%
Etre en retard Etre F{arcé}
0%
Présenter ses voeux de l'an E{trenner}
0%
Etre trempé Etre s{aucé}
0%
Paille E{tron}
0%
Frange F{erloupe}
0%
Putois F{icheau}
0%
Fumier F{ien}
0%
Filleul F{ieux}
0%
Fumée F{inquée}
0%
Fils F{iu}
0%
Parler de façon incompréhensible F{laminquer}
0%
Taupe F{ouan}
0%
Pas soigneux F{ouftier}
0%
Mouillé F{raique}
0%
Baluchon F{rusquin}
0%
Gain G{agnache}
0%
Gagner beaucoup d'argent Gagner M{iroulle}
0%
Morceau de charbon G{aillette}
0%
Prison G{aillole}
0%
Gourmand G{alaffe}
0%
Cal G{ale}
0%
Jeune mineur G{alibot}
0%
Bouche G{amelle}
0%
Trembler de froid G{argoter}
0%
Grenouille G{arnoulle}
0%
Noix G{auque}
0%
Noyer G{auquier}
0%
Chosesans valeur G{nognotte}
0%
Col de chemise G{orgère}
0%
Collier de cheval G{orriau}
0%
Liqueur G{outte}
0%
Figure (visage) G{raine}
0%
Grain de poussière G{rémion}
0%
Fille méchante G{ripette}
0%
Croc G{roet}
0%
Murmurer G{rouler}
0%
Tromper G{ruger}
0%
Trottoir G{uerpion}
0%
Petite ouverture G{ueulette}
0%
Visage G{uiffe}
0%
Couler G{uiler}
0%
Vite H{abile}
0%
Tisonner H{aïonner}
0%
Haie H{aïure}
0%
Saule H{alau}
0%
Arrogant H{are}
0%
Porte H{uche}
0%
Porte H{uis}
0%
Hérisson H{urchon}
0%
Se vanter I{mblaïer}
0%
Remplir I{mplir}
0%
Amidon I{mpoisse}
0%
Envahier I{mpourprer}
0%
Mettre en cage I{ncager}
0%
Accrocher en hauteur I{ncrinquer}
0%
Envoyer promener Invoier G{alter}
0%
Tasse J{atte}
0%
Jeune J{onne}
0%
Chômer J{oquer}
0%
Tissu à laver la vaisselle L{avette}
0%
Personnage sans énergie L{avette}
0%
Eclairer L{eumer}
0%
Lumière L{eurmière}
0%
Crème pâtissière L{ibouli}
0%
Limace L{imachon}
0%
Pensionnaire L{ogeux}
0%
Chiffon L{oque}
0%
Mal habillé L{oqueteux}
0%
Paresseux L{osse}
0%
Sot M{aboule}
0%
Tache M{acaron}
0%
Maçon M{achon}
0%
Abimer M{achuquer}
0%
Tripoter M{achuquer}
0%
Petite poule M{agrite}
0%
Bouc M{aguet}
0%
Chèvre M{aguette}
0%
Maison M{ajon}
0%
Maladroit M{alapatte}
0%
Mécontent M{alcontint}
0%
Panier à linge M{andlette}
0%
Meunier M{anier}
0%
Manivelle M{anique}
0%
Paresseux M{anoqueux}
0%
Bille M{ape}
0%
Bougonner M{aronner}
0%
Curieux M{eltout}
0%
Conducteur de chevaux M{éneux}
0%
Forficule (insecte) M{ichoreille}
0%
Manger M{ier}
0%
Guêter M{iler}
0%
Nourriture M{ingeache}
0%
Manger M{inger}
0%
Mon petit Min L{oute}
0%
Mensonge M{intirie}
0%
Menton M{inton}
0%
Moineau M{isseron}
0%
Moitié M{itant}
0%
Modeste M{odesse}
0%
Meule M{oé}
0%
Ascenseur de mine M{olinache}
0%
Soucis M{ouron}
0%
Traire M{outer}
0%
Moudre M{outer}
0%
Merle M{ouviar}
0%
Bouder M{ouzer}
0%
Cacher M{ucher}
0%
Giroflée M{urelle}
0%
Moisi M{urgalé}
0%
Odorat N{aque}
0%
Navet N{aviot}
0%
Drôle N{iaf}
0%
Cors au pied N{id d'agache}
0%
Respirer par le nez N{ifler}
0%
Idiot N{igdoule}
0%
Zut N{iouque}
0%
Courte sieste N{iquet}
0%
Gouttière N{ochère}
0%
Noyer (dans l'eau) N{oier}
0%
Verglas N{oirglas}
0%
Sale N{oirouf}
0%
Noisette N{ojette}
0%
Nombre N{ompe}
0%
Simple d'esprit N{onoche}
0%
Notre N{ou}
0%
Niais N{unuche}
0%
Minutieux N{unut}
0%
Nue N{ute}
0%
Oie O{jon}
0%
Orge O{rche}
0%
Oiseau O{siau}
0%
Outil O{thieu}
0%
Monter un échaffaudage O{urder}
0%
Pelletée P{allée}
0%
Pourri P{amé}
0%
Colle P{apin}
0%
Conversation P{arlotte}
0%
Facture P{atraffe}
0%
Tarte aux pommes P{atrouillard}
0%
Patauger P{édouquer}
0%
Honteux P{éteux}
0%
Pomme de terre P{étote}
0%
Pissenlit P{icholit}
0%
Ortie P{ico}
0%
Peau P{ieau}
0%
Méchante P{igrette}
0%
Pivoine P{ionne}
0%
Avare P{ipiche}
0%
Onglée P{iquette}
0%
Pis P{ire}
0%
Pluie P{leu}
0%
Pluie P{leufe}
0%
Manger sans appétit P{luquer}
0%
Poix P{oé}
0%
Cuisine P{opotte}
0%
Contremaître des mines P{orion}
0%
Porte du jardin P{orjet}
0%
Pois P{os}
0%
Poste P{osse}
0%
Mesure de 2 litres P{ot}
0%
Poulailler P{ouli}
0%
Premier P{reume}
0%
Prune P{ronne}
0%
Pet P{route}
0%
Manipuler P{triquer}
0%
Epuisette P{uchette}
0%
Plus que P{uque}
0%
Chemin Q{uémin}
0%
Quel Q{ueu}
0%
Pierre à aiguiser Q{ueuche}
0%
Croûton de pain Q{ueugnet}
0%
Quinze Q{uinsse}
0%
Salaire Q{uinzaine}
0%
Rabrouer R{aclaquer}
0%
Recroqueviller R{amoncheler}
0%
Retirer R{assaquer}
0%
Bafouiller R{atatouiller}
0%
Epuisé R{éhu}
0%
Réchapper R{escaper}
0%
Habiter R{ester}
0%
Se cogner R{étoquer}
0%
Epandre de la paille R{étramer}
0%
Roue R{eule}
0%
Nouveau vêtement) R{habillure}
0%
Rembobiner R{imbouler}
0%
Gelée blanche R{imée}
0%
Rendre R{infliquer}
0%
Personne déplaisante R{ogneux}
0%
Enfant R{ojin}
0%
Voie ferrée des mines R{oulache}
0%
Difficultés R{usses}
0%
Difficile R{ute}
0%
Saigner S{anner}
0%
S'appuyer S'A{queuter}
0%
Hareng-saur S{auret}
0%
Personne maigre S{écral}
0%
S'étrangler S'E{noquer}
0%
Sécher S{équir}
0%
Odeur S{intimint}
0%
Petite scie S{oïette}
0%
Seigle S{oil}
0%
Ampoule (blessure) S{ouflette}
0%
Sangloter S{oumaquer}
0%
Penser S{ouquer}
0%
Se tracasser S'T{urlupiner}
0%
Oseille S{urelle}
0%
Aigreur S{urion}
0%
Petite pluie T{ahu}
0%
Musique mécanique T{ardiole}
0%
Minitieux T{atasse}
0%
Raclée T{atoulle}
0%
Taureau T{aure}
0%
Hésiter T{équer}
0%
Tendre T{ère}
0%
Pipe T{euche}
0%
Pou T{oto}
0%
Case T{ouc}
0%
Fille un peu folle T{ouloule}
0%
Tremper T{ouquer}
0%
Tomber en roulant T{ribouler}
0%
Bancal T{ropatte}
0%
Petit seau T{ubin}
0%
Liseron V{anchelle}
0%
Ouvrier de ferme V{arlet}
0%
Vieillir V{ieuzir}
0%
Bon sang V{inguette}
0%
Ruelle V{oyette}
0%
Visqueux Y{oïche}
0%
Idiot, innocent Y{oyot}
0%
Yeux Y{ux}
0%
Brave homme Z{igue}
0%
Un peu Z{ique}
0%
Regarder Z{yeuter}
0%
Aucun quiz correspondant
Distribution des résultats
% des personnes avec chaque résultat
Percentile par nombre de réponses
Votre historique - résultats
Vous n’avez pas pris ce quiz